| 000 | 01110 a2200241 4500 | ||
|---|---|---|---|
| 005 | 2008090504584.0 | ||
| 008 | 080905t xxu||||| |||| 00| 0 hin d | ||
| 010 | _aHIN-80047 | ||
| 020 |
_a 8190378082 _c150.00 |
||
| 035 | _aHN-52393 | ||
| 037 | _bD.B.Act / Pub | ||
| 082 | _aक | ||
| 100 | _aसिंह, नमिता | ||
| 245 |
_aकर्फ्यू तथा अन्य कहानियाँ _cनमिता सिंह |
||
| 246 |
_aKarfew tatha anya Kahaniyan _bby Namita Singh |
||
| 260 |
_aदिल्ली _bअनिरूद्ध बुक्स _c2005 |
||
| 270 |
_a19,टैगोर मार्ग, केवल पार्क, आजादपुर _bदिल्ली _e110 033 |
||
| 300 |
_a160पृ. _c22 सेमी(सजिल्द) |
||
| 650 | _aहिन्दी कहानियाँ | ||
| 650 | _aHindi Stories | ||
| 942 |
_adpl _cHN _kक / सिंहन _2ddc _hक _m सिंहन |
||
| 999 |
_c4650 _d4650 |
||